000 00699nam a2200217 a 4500
999 _c5183
_d5183
001 5183
003 BD-JhCC
005 20171210121033.0
008 171210s1979 bg |||| ||a| 000 0 ben d
035 _a(BD-JhCC)5183
040 _aBD-JhCC
_dBD-JhCC
041 _aben
082 _a503
_bHOS 1979
100 _aহোসাইন, মুহাম্মদ ইনায়েত
245 _aবৈজ্ঞানিক শব্দকোষ /
_cমুহাম্মদ ইনায়েত হোসাইন
260 _aঢাকা :
_bবাংলা একাডেমী,
_c1979.
300 _a284 p. :
_c22 cm.
650 _aScientific dictionary
942 _2ddc
_cBK